000
00312nam a2200145Ia 4500
008
210210b1960 xxu||||| |||| 00| 0 eng d
041
_a
eng
082
_a
330/122
100
_a
DOBB (Maurice)
245
_a
Wages
260
_a
Cambridge
_b
-
_c
1960
650
_a
Wages
690
_a
Economics
906
_a
003525
999
_c
119253
_d
119253